| 000 | 00653cam a22001934a 4500 | ||
|---|---|---|---|
| 020 | _a0072375493 (acidfree paper) | ||
| 040 | _cDLC | ||
| 082 | 0 | 0 | _a547 HIL 2000 A057 Or. |
| 100 | 1 | _aSchoffstall, Allen M. | |
| 245 | 1 | 0 | _aMicroscale and miniscale organic chemistry laboratory experiments / |
| 260 |
_aBoston : _bMcGraw-Hill, _cc2000. |
||
| 300 |
_axxvii, 612 p. : _bill. (some col.) ; _c27 cm. |
||
| 650 | 0 | _aChemistry, Organic | |
| 700 | 1 | _aGaddis, Barbara A. | |
| 700 | 1 | _aDruelinger, Melvin L. | |
| 856 | 4 | 2 | _uhttp://www.loc.gov/catdir/description/mh023/99050356.html |
| 856 | 4 | 1 | _uhttp://www.loc.gov/catdir/toc/mh023/99050356.html |
| 942 | _cEK | ||
| 999 |
_c13979 _d13979 |
||